Loading...
Thafheem e Adab /
| Other Authors: | |
|---|---|
| Format: | Printed Book |
| Language: | Urdu |
| Published: |
Aligarh:
Educational Book House,
2011.
|
| Subjects: |
| LEADER | 00558cam a2200169ua 4500 | ||
|---|---|---|---|
| 008 | 130323t2011||||||||||| 00 ||urd c | ||
| 041 | 0 | |a urd | |
| 082 | |a R U 891.439 076 |b NOU/T | ||
| 245 | 1 | 0 | |a Thafheem e Adab / |
| 260 | |a Aligarh: |b Educational Book House, |c 2011. | ||
| 300 | |a 352. | ||
| 362 | 1 | |a 2011. | |
| 650 | 0 | |a Urdu literature-Reference -UGC NET | |
| 700 | 0 | 2 | |a Nousheen,, Shayistha |
| 942 | |c BK | ||
| 999 | |c 28792 |d 28792 | ||
| 952 | |0 0 |1 0 |4 0 |6 R_U_891_439000000000000_076_NO |7 0 |9 30584 |a KUCL |b KUCL |d 2014-05-23 |l 0 |o R U 891.439 076 NOU/ |p 29467 |r 2014-05-23 |w 2014-05-23 |y BK | ||